Multiple Guess Movies Quiz Stats

 Plays Quiz Updated Jul 2, 2013

Challenge
Share
Tweet
To answer, enter an answer code (letter + number). The fewer guesses it takes you to answer each question correctly, the more correct answers you will have in the end. You must guess until you have answered each question correctly.
Score 0/100 Timer 10:00
3 Plays Today
Hint Answer % Correct
???
99.9%
C1) ???
98.3%
???
98.3%
D2) ???
96.7%
???
96.7%
C3) ???
96%
???
96%
A4) ???
95.6%
???
95.6%
A5) ???
95.2%
???
95.2%
D6) ???
95.1%
???
95.1%
B7) ???
94.8%
???
94.8%
D1) ???
94.8%
C8) ???
94.6%
???
94.6%
A9) ???
94.4%
???
94.4%
A6) ???
94.3%
B6) ???
94.2%
D10) ???
94.1%
???
94.1%
B11) ???
93.9%
???
93.9%
D12) ???
93.8%
???
93.8%
B13) ???
93.7%
???
93.7%
B14) ???
93.6%
???
93.6%
C15) ???
93.4%
???
93.4%
Hint Answer % Correct
B16) ???
93.3%
???
93.3%
C17) ???
93.2%
???
93.2%
D18) ???
93.1%
???
93%
B19) ???
92.9%
???
92.9%
A20) ???
92.7%
C6) ???
92.5%
B9) ???
92.5%
A11) ???
91.2%
D11) ???
91.1%
C11) ???
90.9%
A1) ???
90.1%
B1) ???
89.7%
C4) ???
88.6%
A8) ???
88%
B12) ???
88%
A12) ???
87.1%
D8) ???
86.9%
C12) ???
86.9%
A16) ???
85.7%
B3) ???
82.9%
B18) ???
82.5%
D16) ???
82.2%
B5) ???
82.1%
B4) ???
82.1%
D5) ???
81.5%
C16) ???
81.3%
D4) ???
80.9%
D20) ???
80.6%
A18) ???
80.6%
C2) ???
79.4%
Hint Answer % Correct
C7) ???
79.3%
D17) ???
79.3%
A19) ???
78.6%
D7) ???
78.4%
C19) ???
77.6%
A17) ???
77.4%
B2) ???
77.1%
D3) ???
76.7%
B20) ???
76.5%
A15) ???
76.5%
D13) ???
75.6%
C13) ???
75.5%
A14) ???
75.4%
B8) ???
74.8%
C9) ???
74.7%
C5) ???
73.3%
A7) ???
72.8%
B15) ???
71.8%
B17) ???
71.5%
C18) ???
70.9%
C14) ???
70.7%
D19) ???
68.8%
A3) ???
68.3%
A13) ???
67.9%
C10) ???
67.4%
C20) ???
64.4%
D14) ???
62.9%
B10) ???
61.6%
A2) ???
59.8%
A10) ???
56.4%
D15) ???
51.1%
D9) ???
49.5%

You're not logged in!

Compare scores with friends on all Sporcle quizzes.
Join for Free
OR
Log In

You Might Also Like...

Show Comments

Extras

Top Quizzes Today


Score Distribution

Your Account Isn't Verified!

In order to create a playlist on Sporcle, you need to verify the email address you used during registration. Go to your Sporcle Settings to finish the process.

Report this User

Report this user for behavior that violates our Community Guidelines.

Details: